| 000 | 01069nam a2200277Ia 4500 | ||
|---|---|---|---|
| 003 | IN-BaIIA | ||
| 008 | 211028s9999 xx 000 0 eng d | ||
| 020 | _a90-277-1280-8 | ||
| 040 | _cIIA Library | ||
| 080 |
_a082.2:52 _bIAU-95 |
||
| 111 |
_aInternational Astronomical Union Symposium _n95th _cGermany _d1980 Aug. 26-29 _912962 |
||
| 245 | 0 |
_aPulsars _bproceedings of the International Astronomical Union Symposium No.95, held in Bonn, Federal Republic of Germany August 26-29. 1980 _cedited by W. Sieber and R. Wielebinski |
|
| 260 |
_aDordrecht _bD. Reidel Publishing _c1981 |
||
| 300 | _axv, 475p. | ||
| 490 | _aIAU Symposium; no. 95 | ||
| 500 | _aDonated by Mrs. Bappu | ||
| 650 | _aAstronomy and Astrophysics Thesaurus | ||
| 650 |
_aBinary Pulsars _97213 |
||
| 650 |
_aCollapsed Stars _912963 |
||
| 650 |
_aOptical Pulsars _912964 |
||
| 650 |
_aPulsars _97214 |
||
| 700 |
_aSieber, W., ed. _912965 |
||
| 700 |
_aWielebinski, R., ed. _912966 |
||
| 710 | _aInternational Astronomical Union | ||
| 942 | _cBK | ||
| 999 |
_c7664 _d7664 |
||